| Tag |
First Indicator |
Second Indicator |
Subfields |
| LEADER |
00000cam a2200000 i 4500 |
| 001 |
in00000792913 |
| 005 |
20151017072452.0 |
| 008 |
770411s1977 orua b f00000 eng d |
| 010 |
|
|
|a gp 77007905
|
| 020 |
|
|
|z pbk.
|
| 035 |
|
|
|a (OCoLC)02886046
|
| 035 |
|
|
|9 ADP9395AM
|
| 037 |
|
|
|b 22161
|
| 040 |
|
|
|c GPO
|d UtOrBLW
|
| 074 |
|
|
|a 431-I-11
|
| 086 |
|
|
|a EP 1.23:600/3-77-010
|
| 245 |
0 |
0 |
|a User's manual for the M. I. T. transient water quality network model including nitrogen-cycle dynamics for rivers and estuaries /
|c by D. R. F. Harleman [and others].
|
| 264 |
|
1 |
|a Corvallis, Or. :
|b Evironmental Protection Agency, Office of Research and Development, Corvallis Environmental Research Laboratory ;
|c 1977.
|
| 264 |
|
2 |
|a Springfield, Va. :
|b For sale by the National Technical Information Service,
|
| 300 |
|
|
|a xxii, 231 pages :
|b illustrations ;
|c 28 cm.
|
| 336 |
|
|
|a text
|b txt
|2 rdacontent
|
| 337 |
|
|
|a unmediated
|b n
|2 rdamedia
|
| 338 |
|
|
|a volume
|b nc
|2 rdacarrier
|
| 490 |
1 |
|
|a Ecological research series ; EPA-600/3-77-010
|
| 500 |
|
|
|a Prepared by Ralph M. Parsons Laboratory for Water Resources and Hydrodynamics, Department of Civil Engineering, Massachusetts Institute of Technology, Cambridge, Mass., under grant number 800429.
|
| 500 |
|
|
|a Includes appendices.
|
| 504 |
|
|
|a Bibliography: pages 186-187.
|
| 650 |
|
0 |
|a Estuaries
|x Mathematical models
|x Handbooks, manuals, etc.
|
| 650 |
|
0 |
|a Water quality
|x Mathematical models
|x Handbooks, manuals, etc.
|
| 700 |
1 |
|
|a Harleman, Donald R. F.
|
| 710 |
1 |
|
|a United States.
|b Environmental Protection Agency.
|b Office of Research and Development.
|
| 710 |
2 |
|
|a Ralph M. Parsons Laboratory for Water Resources and Hydrodynamics.
|
| 830 |
|
0 |
|a Research reporting series.
|n 3,
|p Ecological research ;
|v EPA-600/3-77-010.
|
| 999 |
|
|
|a MARS
|
| 999 |
f |
f |
|s 53f17ee5-5890-3701-a9ae-75ab1baaaae9
|i aacdd5c3-d2e0-39dc-8cb6-400f960b9a51
|t 0
|
| 952 |
f |
f |
|p normal
|a Texas A&M University
|b College Station
|c Sterling C. Evans Library
|d Evans: US Documents (Annex 5th floor)
|t 0
|e EP 1.23: 600/3-77-010
|h Superintendent of Documents classification
|i unmediated -- volume
|m A14814536971
|
| 998 |
f |
f |
|a EP 1.23: 600/3-77-010
|t 0
|l Evans: US Documents (Annex 5th floor)
|